000 00244nam a2200097Ia 4500
005 20251222114407.0
008 251222s1900||||xx |||||||||||||| ||spa||
082 _aDVD0195/O66/2005
245 0 _aOrigen del universo, origen del hombre:
942 _cDVD
999 _c1884
_d1884